Orte in Rheinland-Pfalz - Statistiken

Allgemein
  • Dieses Quiz wurde 237 mal gespielt
  • Das Durchschnittsergebnis liegt bei 14 aus 30
Answers on the Grid
Answers color-coded by a green-red scale on the quiz's grid according to % correct below.
Zweibrücken
Rüsselsheim
Herxheim
Butzbach
Heidelberg
Worms
Sankt Wendel
Betzdorf
Merzig (Saar)
Bruchsal
Speyer
Alzey
Kaiserslautern
Viernheim
Annweiler am Trifels
Cochem
Limburg (Lahn)
Düren
Euskirchen
Hennef (Sieg)
Bitburg
Saarburg
Homburg (Saar)
Saarlouis
Kusel
Konstanz
Bad Kreuznach
Idar-Oberstein
Bad Dürrheim
Bad Wildbad
Bad Dürkheim
Bad Bergzabern
Darmstadt
Landau (Pfalz)
Landau (Isar)
Schifferstadt
Ludwigsburg
Wörth (Rhein)
Bingen (Rhein)
Mannheim
Andernach
Bonn
Rheinbach
Neuwied
Marburg
Montabaur
Kaub
Wiesbaden
Frankenthal
Neumarkt
Dahn
Sonthofen
Grünstadt
Mayen
Seltz
Kandel
Sinsheim (Elsenz)
Lauterbourg
Mutterstadt
Wiesloch
 
Antwortstatistiken
Antwort % Korrekt
Zweibrücken
80%
Worms
72%
Speyer
71%
Kaiserslautern
69%
Alzey
62%
Cochem
58%
Bitburg
57%
Idar-Oberstein
57%
Landau (Pfalz)
57%
Bad Kreuznach
51%
Bad Dürkheim
50%
Kusel
50%
Herxheim
45%
Bingen (Rhein)
44%
Frankenthal
43%
Neuwied
43%
Montabaur
42%
Andernach
40%
Mayen
39%
Annweiler am Trifels
37%
Schifferstadt
35%
Bad Bergzabern
32%
Grünstadt
32%
Mutterstadt
32%
Betzdorf
31%
Kandel
31%
Wörth (Rhein)
28%
Saarburg
27%
Dahn
25%
Kaub
23%
Keine übereinstimmenden Quizze gefunden
Verteilung der Resultate
Anzahl Personen mit jedem Resultat
Perzentil nach korrekt beantworteten Fragen
Ihre Resultats-Entwicklung
Sie haben dieses Quiz noch nicht gespielt